Tâm lí học trẻ em lứa tuổi mầm non Từ lọt lòng đến 6 tuổi

Shranjeno v:
Bibliografske podrobnosti
Glavni avtor: Nguyễn, Ánh Tuyết
Format: Knjiga
Jezik:Undetermined
Izdano: H. ĐH Sư phạm 2006
Teme:
Online dostop:http://lrc.tdmu.edu.vn/opac/search/detail.asp?aID=2&ID=4364
Oznake: Označite
Brez oznak, prvi označite!
Thư viện lưu trữ: Trung tâm Học liệu Trường Đại học Thủ Dầu Một
LEADER 00702nam a2200205Ia 4500
001 TDMU_4364
008 210410s9999 xx 000 0 und d
082 |a 372.21 
090 |b NG527 
100 |a Nguyễn, Ánh Tuyết 
245 0 |a Tâm lí học trẻ em lứa tuổi mầm non 
245 0 |c Nguyễn Ánh Tuyết 
245 0 |p Từ lọt lòng đến 6 tuổi 
260 |a H. 
260 |b ĐH Sư phạm 
260 |c 2006 
300 |a 379tr. 
650 |a Tâm lí học trẻ em; Giáo dục mầm non  |x Tâm lý 
856 |u http://lrc.tdmu.edu.vn/opac/search/detail.asp?aID=2&ID=4364 
980 |a Trung tâm Học liệu Trường Đại học Thủ Dầu Một